000 00542aab a2200181 4500
001 768714001
003 CO-MdFUSB
005 20240614151352.0
008 170524s2000 cr ||||| |||| 00| 0 spa d
022 _a1409-1968
040 _aCO-MdFUSB
_bspa
_cCO-MdFUSB
_dCO-MdFUSB
041 _aspa
100 1 _aHermano Pablo
_eautor
245 1 3 _aLa marca de un ministro :
_bser servicial
_c/ Hermano Pablo
773 0 _tApuntes Pastorales
_049442
_960162
_gVolumen 18, número 2 (2001), página 18-20
_qPágina 18
942 _cANA
945 _aJTF-925
999 _c60165
_d60165